00558cam a22001817a 450000500170000000800410001701000100005801100100006803500100007810000280008824500760011626000510019230000100024349000360025350000110028965000410030083000350034120220817041316.0971013s1916 r 00010 d a10966 a11938 a1286900aArmsby, Henry Prentiss.14aThe use of energy values in the computation of rations for farm animals aWashington :bDepartment of Agriculture,c1916 a31 p. 0aEUA. Dep. of Agri. Bull.v; 459 a80-20414aAlimentos y alimentacion del ganado.0 aEUA. Dep. of Agri Bull.v; 459